Countries Bordering Bolivia - Statistics

General Stats
  • This quiz has been taken 783 times
  • The average score is 5 of 5
Answer Stats
Hint Answer % Correct
1. Brazil
100%
3. Argentina
99%
5. Peru
99%
4. Chile
98%
2. Paraguay
97%
No matching quizzes found
Score Distribution
Percent of People with Each Score
Percentile by Number Answered
Your Score History
You have not taken this quiz